00589nam a2200169Ia 4500008004100000020001800041041000800059082001700067100001700084245009100101250000600192260004100198300001200239650002300251999001900274952012600293210716s2012 xx 000 0 und d a9788126521647 aeng a658.404 BURR aBurke, Rory. aProject management: planning and control techniques.bPlanning and control techniques. a5 aNew DelhibWiley India Pvt Ltdc2012 axix,407 aProject Management c209970d209970 001040708MBAaAIMITbAIMITd2017-02-10g569.00l0o658.404 BURRpMBA12536r2026-05-23 00:00:00v438.13w2021-07-16yBK